Jack Johnson - Flake - Statistics

General Stats
  • This quiz has been taken 29 times
  • The average score is 241 of 355
Answer Stats
Answer % Correct
a
100%
I
94%
me
94%
the
88%
The
88%
to
88%
you
88%
You
88%
be
82%
do
82%
it
82%
It
82%
know
82%
no
82%
No
82%
of
82%
she
82%
so
82%
So
82%
time
82%
don't
76%
go
76%
in
76%
it's
76%
just
76%
Just
76%
like
76%
Maybe
76%
maybe
76%
one
76%
seems
76%
that
76%
There
76%
alright
71%
always
71%
know's
71%
knows
71%
let
71%
lie
71%
might
71%
not
71%
right
71%
some
71%
then
71%
thinks
71%
try
71%
use
71%
when
71%
ain't
65%
all
65%
And
65%
and
65%
But
65%
but
65%
fine
65%
her
65%
Likes
65%
lying
65%
means
65%
much
65%
my
65%
next
65%
pretty
65%
said
65%
tell
65%
trying
65%
want
65%
way
65%
we're
65%
can
59%
down
59%
I'm
59%
lazy
59%
loves
59%
often
59%
Please
59%
please
59%
something
59%
sunrise
59%
times
59%
tired
59%
with
59%
'Cause
53%
eyes
53%
have
53%
longer
53%
make
53%
sees
53%
sleeping
53%
stand
53%
up
53%
Well
53%
well
53%
after
47%
baby
47%
break
47%
drag
47%
Even
47%
gonna
47%
money
47%
other
47%
silly
47%
things
47%
ties
47%
whole
47%
wide
47%
work
47%
world
47%
wouldn't
47%
because
41%
by
41%
fall
41%
has
41%
move
41%
new
41%
pass
41%
shall
41%
she's
41%
water
41%
change
35%
'em
35%
harder
35%
name
35%
this
35%
tree
35%
you'll
35%
about
29%
brand
29%
Everything
29%
further
29%
help
29%
now
29%
she'll
29%
too
29%
untie
29%
Until
29%
usually
29%
call
24%
seams
0%
No matching quizzes found
Score Distribution
Percent of People with Each Score
Percentile by Number Answered
Your Score History
You have not taken this quiz